Villes les plus riches du Monde - Statistiques

Statistiques générales
  • Ce quiz a été pris 1 114 fois
    997 depuis la dernière actualisation
  • Le résultat moyen est 27 sur 45
Statistiques - réponses
Pays PIB (en Milliards de $) Ville % Correct
France 1037 Paris
99%
Japon 2206 Tokyo
99%
États-Unis 1874 New York
98%
Royaume-Uni 1064 Londres
96%
États-Unis 1134 Los Angeles
95%
Russie 1005 Moscou
95%
Chine 951 Pékin
93%
Corée du Sud 1125 Séoul
92%
Turquie 859 Istanbul
88%
Espagne 377 Madrid
85%
Mexique 547 Mexico
84%
Chine 1019 Shanghai
83%
Inde 595 Delhi
79%
États-Unis 579 Washington
79%
États-Unis 715 Chicago
78%
Italie 406 Milan
77%
Argentine 382 Buenos Aires
73%
Indonésie 842 Jakarta
73%
États-Unis 389 Miami
73%
Singapour 600 Singapour
73%
Brésil 584 São Paulo
70%
Thaïlande 560 Bangkok
67%
Canada 475 Toronto
66%
États-Unis 594 San Francisco
64%
Inde 607 Mumbai
63%
États-Unis 513 Boston
62%
Chine 472 Hong Kong
59%
Taïwan 586 Taïpei
56%
Japon 897 Osaka-Kobe
53%
États-Unis 444 Seattle
50%
Chine 704 Shenzhen
49%
États-Unis 489 Houston
47%
Bangladesh 406 Dacca
45%
États-Unis 456 Philadelphie
45%
États-Unis 524 Dallas-Fort Worth
44%
États-Unis 432 Atlanta
41%
Chine 410 Wuhan
36%
Japon 404 Nagoya
20%
Chine 658 Chongqing
15%
Chine 486 Chengdu
13%
Allemagne 699 Rhin-Ruhr
11%
Chine 371 Tianjin
11%
Chine 665 Guangzhou
9%
Chine 397 Hangzhou
9%
Chine 527 Suzhou
4%
Aucun quiz correspondant
Distribution des résultats
% des personnes avec chaque résultat
Percentile par nombre de réponses
Votre historique - résultats
Vous n’avez pas pris ce quiz depuis la dernière actualisation